000
00291nam a22001097a 4500
008
230623b xxu||||| |||| 00| 0 eng d
082
_a
330.
_b
THO 1996
245
_a
The AERC Research Programme: An Evaluation
260
_b
Economic Research Consortium
_c
1996
300
_a
81p
942
_2
ddc
_c
BK
999
_c
2553
_d
2553